000 00792nas a2200277 4500
001 BR2017002830
003 BR-BrBNA
005 20231205131112.0
007 ta
008 230509b bl.|||p| |||| 00| 00por d
040 _aBR-BrBNA
_bpor
_cBiblioteca Nacional de Agricultura
041 _a(Pt)
072 _aE14; C20
100 1 _aPaludo, N.
245 1 _aComprometimento: Chave do sucesso do agronegócio
650 _aAGRONEGÓCIO
650 _aCADEIA PRODUTIVA
650 _aPRODUTOR RURAL
650 _aTECNOLOGIA
650 _aEXTENSÃO RURAL
650 _aEDUCAÇÃO
650 _aDESENVOLVIMENTO RURAL
773 0 _tAgroanalysis (Brazil)
_xISSN 0100-4298
_g(Feb 2016), v. 36(2) p. 36
_wBR2017002830
909 _a202311
_bLúcia
_c55
_dLúcia Elande
942 _2AGRIS
_n0
_cANA
999 _c253038
_d253038